| 000 | 01283cam a22004214i 4500 | ||
|---|---|---|---|
| 003 | PE-LiUPU | ||
| 005 | 20250731172926.0 | ||
| 008 | 170510s1996 xxu r 000 0 eng d | ||
| 035 | _a(Sirsi) a203954 | ||
| 040 |
_aPE-LiUPU _bspa _cPE-LiUPU _erda |
||
| 049 | _aPRUA | ||
| 082 | 0 | 4 |
_a225.7 _bN4 |
| 245 | 0 | 2 |
_aA new Testament Commentary / _cG. C. D. Howley. |
| 264 | 1 |
_aUSA : _bZondervan, _c1996. |
|
| 300 |
_a666 páginas ; _c24 centímetros. |
||
| 336 |
_text _2rdacontent |
||
| 337 |
_unmediated _2rdamedia |
||
| 338 |
_volume _2rdacarrier |
||
| 505 | 0 | _aGeneral articles -- The new testament. | |
| 526 | _aSEG42 | ||
| 526 | _aSEG41 | ||
| 526 | _aSEG40 | ||
| 526 | _aSEG39 | ||
| 526 | _aP94 | ||
| 526 | _aP87 | ||
| 526 | _aP86 | ||
| 526 | _aP85 | ||
| 526 | _aP77 | ||
| 526 | _aP76 | ||
| 526 | _aP35 | ||
| 630 |
_aBiblia. _pN.T. _vComentarios. |
||
| 700 | 1 |
_aF.F., Bruce, _eeditor. |
|
| 700 | 1 |
_aH.L., Ellison, _eeditor. |
|
| 596 | _a1 | ||
| 942 |
_2ddc _cBOOK |
||
| 999 |
_a225.7 N4 _wLC _c20332 _i75834 _d20332 _e2017-5-24 _f2021-11-9 _g4 _lCCODEBUL1 _mBUL _n1 _p24.99 _r0 _sY _tBOOK _u2017-5-10 _xTEOLOGIA _PP85 _0COMPRA _o.STAFF. Colección Teología |
||
| 980 |
_81 _gALBERTO SANCHEZ Responsable de Automatización |
||